Statystyki dla Opisy Sztuki Prehistorycznej

Kliknij tutaj aby rozwiązać quiz!

Ogólne statystyki

  • Ten quiz został rozwiązany 11 razy
  • Średni wynik to 127 z 150

Statystyki odpowiedzi

ZagadnienieKomórkaSelect% Poprawnych
(5)Malowidla z jaskini Lascoux, powstałe w latach 17000-15000r.p.n.e( w kulturze magdaleńskiej) wykonane z węgla drzewnego, związków żelaza i ochryNie
100%
(5)Malowidla z jaskini Lascoux, powstałe w latach 17000-15000r.p.n.e( w kulturze magdaleńskiej) wykonane z węgla drzewnego, związków żelaza i ochryNie
100%
(5)Malowidla z jaskini Lascoux, powstałe w latach 17000-15000r.p.n.e( w kulturze magdaleńskiej) wykonane z węgla drzewnego, związków żelaza i ochryNie
100%
(5)Malowidla z jaskini Lascoux, powstałe w latach 17000-15000r.p.n.e( w kulturze magdaleńskiej) wykonane z węgla drzewnego, związków żelaza i ochryNie
100%
(5)Malowidla z jaskini Lascoux, powstałe w latach 17000-15000r.p.n.e( w kulturze magdaleńskiej) wykonane z węgla drzewnego, związków żelaza i ochryNie
100%
(5)Malowidla z jaskini Lascoux, powstałe w latach 17000-15000r.p.n.e( w kulturze magdaleńskiej) wykonane z węgla drzewnego, związków żelaza i ochryNie
100%
Budowla megalityczna w angli, epoki neolitu i brązu, kult księżyca i sloncaNie
89%
Budowla megalityczna w angli, epoki neolitu i brązu, kult księżyca i sloncaNie
89%
Budowla megalityczna w angli, epoki neolitu i brązu, kult księżyca i sloncaNie
89%
Budowla megalityczna w angli, epoki neolitu i brązu, kult księżyca i sloncaNie
89%
Budowla megalityczna w angli, epoki neolitu i brązu, kult księżyca i sloncaNie
89%
Budowla megalityczna w angli, epoki neolitu i brązu, kult księżyca i sloncaNie
89%
Osada związana z kulturą łużycka, datowana na od ok.14W.p.n.e(epoka brazu) do 5Wp.n.e(epoka zelaza)Nie
89%
Budowla megalityczna w angli, epoki neolitu i brązu, kult księżyca i sloncaNie
89%
Budowla megalityczna w angli, epoki neolitu i brązu, kult księżyca i sloncaNie
89%
Budowla megalityczna w angli, epoki neolitu i brązu, kult księżyca i sloncaNie
89%
Budowla megalityczna w angli, epoki neolitu i brązu, kult księżyca i sloncaNie
89%
Budowla megalityczna w angli, epoki neolitu i brązu, kult księżyca i sloncaNie
89%
Budowla megalityczna w angli, epoki neolitu i brązu, kult księżyca i sloncaTak
89%
(2)Jaskinia krasowa w hiszpani, odkryta w 1868, długość ok 270m, rysunki powstały ok13000r.p.n.e( kultura magdalenska i malowidlo bizona z tej jaskiniNie
89%
Budowla megalityczna w angli, epoki neolitu i brązu, kult księżyca i sloncaNie
89%
Płaskorzeźba datowana na 25000-19000rp.n.e(paleolit), z wapienia, ok.42cmNie
89%
Budowla megalityczna w angli, epoki neolitu i brązu, kult księżyca i sloncaNie
89%
Budowla megalityczna w angli, epoki neolitu i brązu, kult księżyca i sloncaNie
89%
Płaskorzeźba datowana na 25000-19000rp.n.e(paleolit), z wapienia, ok.42cmNie
89%
(2)Jaskinia krasowa w hiszpani, odkryta w 1868, długość ok 270m, rysunki powstały ok13000r.p.n.e( kultura magdalenska i malowidlo bizona z tej jaskiniNie
89%
Płaskorzeźba datowana na 25000-19000rp.n.e(paleolit), z wapienia, ok.42cmNie
89%
Płaskorzeźba datowana na 25000-19000rp.n.e(paleolit), z wapienia, ok.42cmNie
89%
Płaskorzeźba datowana na 25000-19000rp.n.e(paleolit), z wapienia, ok.42cmNie
89%
Płaskorzeźba datowana na 25000-19000rp.n.e(paleolit), z wapienia, ok.42cmNie
89%
Płaskorzeźba datowana na 25000-19000rp.n.e(paleolit), z wapienia, ok.42cmNie
89%
Płaskorzeźba datowana na 25000-19000rp.n.e(paleolit), z wapienia, ok.42cmNie
89%
Płaskorzeźba datowana na 25000-19000rp.n.e(paleolit), z wapienia, ok.42cmNie
89%
Płaskorzeźba datowana na 25000-19000rp.n.e(paleolit), z wapienia, ok.42cmNie
89%
Płaskorzeźba datowana na 25000-19000rp.n.e(paleolit), z wapienia, ok.42cmNie
89%
Płaskorzeźba datowana na 25000-19000rp.n.e(paleolit), z wapienia, ok.42cmNie
89%
(2)Jaskinia krasowa w hiszpani, odkryta w 1868, długość ok 270m, rysunki powstały ok13000r.p.n.e( kultura magdalenska i malowidlo bizona z tej jaskiniNie
89%
(2)Jaskinia krasowa w hiszpani, odkryta w 1868, długość ok 270m, rysunki powstały ok13000r.p.n.e( kultura magdalenska i malowidlo bizona z tej jaskiniNie
89%
(2)Jaskinia krasowa w hiszpani, odkryta w 1868, długość ok 270m, rysunki powstały ok13000r.p.n.e( kultura magdalenska i malowidlo bizona z tej jaskiniNie
89%
Jaskinia krasowa z okresu paleolitu we Francji, odkryta w 1940r, przez 4 uczniów, zamknięta od 1963r, długość-ok.250m, ok.150 malowidelNie
89%
Osada związana z kulturą łużycka, datowana na od ok.14W.p.n.e(epoka brazu) do 5Wp.n.e(epoka zelaza)Tak
89%
Osada związana z kulturą łużycka, datowana na od ok.14W.p.n.e(epoka brazu) do 5Wp.n.e(epoka zelaza)Nie
89%
Osada związana z kulturą łużycka, datowana na od ok.14W.p.n.e(epoka brazu) do 5Wp.n.e(epoka zelaza)Nie
89%
Osada związana z kulturą łużycka, datowana na od ok.14W.p.n.e(epoka brazu) do 5Wp.n.e(epoka zelaza)Nie
89%
Osada związana z kulturą łużycka, datowana na od ok.14W.p.n.e(epoka brazu) do 5Wp.n.e(epoka zelaza)Nie
89%
Osada związana z kulturą łużycka, datowana na od ok.14W.p.n.e(epoka brazu) do 5Wp.n.e(epoka zelaza)Nie
89%
Osada związana z kulturą łużycka, datowana na od ok.14W.p.n.e(epoka brazu) do 5Wp.n.e(epoka zelaza)Nie
89%
Osada związana z kulturą łużycka, datowana na od ok.14W.p.n.e(epoka brazu) do 5Wp.n.e(epoka zelaza)Nie
89%
Osada związana z kulturą łużycka, datowana na od ok.14W.p.n.e(epoka brazu) do 5Wp.n.e(epoka zelaza)Nie
89%
Osada związana z kulturą łużycka, datowana na od ok.14W.p.n.e(epoka brazu) do 5Wp.n.e(epoka zelaza)Nie
89%
Osada związana z kulturą łużycka, datowana na od ok.14W.p.n.e(epoka brazu) do 5Wp.n.e(epoka zelaza)Nie
89%
Osada związana z kulturą łużycka, datowana na od ok.14W.p.n.e(epoka brazu) do 5Wp.n.e(epoka zelaza)Nie
89%
Osada związana z kulturą łużycka, datowana na od ok.14W.p.n.e(epoka brazu) do 5Wp.n.e(epoka zelaza)Nie
89%
Osada związana z kulturą łużycka, datowana na od ok.14W.p.n.e(epoka brazu) do 5Wp.n.e(epoka zelaza)Nie
89%
Jaskinia krasowa z okresu paleolitu we Francji, odkryta w 1940r, przez 4 uczniów, zamknięta od 1963r, długość-ok.250m, ok.150 malowidelNie
89%
(2)Jaskinia krasowa w hiszpani, odkryta w 1868, długość ok 270m, rysunki powstały ok13000r.p.n.e( kultura magdalenska i malowidlo bizona z tej jaskiniNie
89%
Jaskinia krasowa z okresu paleolitu we Francji, odkryta w 1940r, przez 4 uczniów, zamknięta od 1963r, długość-ok.250m, ok.150 malowidelNie
89%
Jaskinia krasowa z okresu paleolitu we Francji, odkryta w 1940r, przez 4 uczniów, zamknięta od 1963r, długość-ok.250m, ok.150 malowidelNie
89%
Jaskinia krasowa z okresu paleolitu we Francji, odkryta w 1940r, przez 4 uczniów, zamknięta od 1963r, długość-ok.250m, ok.150 malowidelNie
89%
Jaskinia krasowa z okresu paleolitu we Francji, odkryta w 1940r, przez 4 uczniów, zamknięta od 1963r, długość-ok.250m, ok.150 malowidelNie
89%
Jaskinia krasowa z okresu paleolitu we Francji, odkryta w 1940r, przez 4 uczniów, zamknięta od 1963r, długość-ok.250m, ok.150 malowidelNie
89%
Jaskinia krasowa z okresu paleolitu we Francji, odkryta w 1940r, przez 4 uczniów, zamknięta od 1963r, długość-ok.250m, ok.150 malowidelNie
89%
Jaskinia krasowa z okresu paleolitu we Francji, odkryta w 1940r, przez 4 uczniów, zamknięta od 1963r, długość-ok.250m, ok.150 malowidelNie
89%
Jaskinia krasowa z okresu paleolitu we Francji, odkryta w 1940r, przez 4 uczniów, zamknięta od 1963r, długość-ok.250m, ok.150 malowidelNie
89%
Jaskinia krasowa z okresu paleolitu we Francji, odkryta w 1940r, przez 4 uczniów, zamknięta od 1963r, długość-ok.250m, ok.150 malowidelNie
89%
Jaskinia krasowa z okresu paleolitu we Francji, odkryta w 1940r, przez 4 uczniów, zamknięta od 1963r, długość-ok.250m, ok.150 malowidelNie
89%
(2)Jaskinia krasowa w hiszpani, odkryta w 1868, długość ok 270m, rysunki powstały ok13000r.p.n.e( kultura magdalenska i malowidlo bizona z tej jaskiniNie
89%
(2)Jaskinia krasowa w hiszpani, odkryta w 1868, długość ok 270m, rysunki powstały ok13000r.p.n.e( kultura magdalenska i malowidlo bizona z tej jaskiniNie
89%
Figurka kobiety z ok.6000r.p.n.e(neolit) z wapieniaNie
89%
(2)Jaskinia krasowa w hiszpani, odkryta w 1868, długość ok 270m, rysunki powstały ok13000r.p.n.e( kultura magdalenska i malowidlo bizona z tej jaskiniNie
89%
Figurka kobiety z ok.6000r.p.n.e(neolit) z wapieniaNie
89%
Płaskorzeźba datowana na 25000-19000rp.n.e(paleolit), z wapienia, ok.42cmNie
89%
Figurka kobiety z ok.6000r.p.n.e(neolit) z wapieniaNie
89%
Paleolityczna figurka kobiety powstała ok.26000-24000r.p.n.e, zrobiona z kosci Słoniowej ma 15cmNie
89%
Paleolityczna figurka kobiety powstała ok.26000-24000r.p.n.e, zrobiona z kosci Słoniowej ma 15cmNie
89%
Paleolityczna figurka kobiety powstała ok.26000-24000r.p.n.e, zrobiona z kosci Słoniowej ma 15cmNie
89%
Paleolityczna figurka kobiety powstała ok.26000-24000r.p.n.e, zrobiona z kosci Słoniowej ma 15cmNie
89%
Mierzącą 11,1cm figurka z epoku górnego paleolitu, z czerwonej ochry i wapieniaNie
89%
Paleolityczna figurka kobiety powstała ok.26000-24000r.p.n.e, zrobiona z kosci Słoniowej ma 15cmNie
89%
Paleolityczna figurka kobiety powstała ok.26000-24000r.p.n.e, zrobiona z kosci Słoniowej ma 15cmNie
89%
Paleolityczna figurka kobiety powstała ok.26000-24000r.p.n.e, zrobiona z kosci Słoniowej ma 15cmNie
89%
Mierzącą 11,1cm figurka z epoku górnego paleolitu, z czerwonej ochry i wapieniaNie
89%
Mierzącą 11,1cm figurka z epoku górnego paleolitu, z czerwonej ochry i wapieniaNie
89%
Figurka kobiety z ok.6000r.p.n.e(neolit) z wapieniaNie
89%
Paleolityczna figurka kobiety powstała ok.26000-24000r.p.n.e, zrobiona z kosci Słoniowej ma 15cmNie
89%
Mierzącą 11,1cm figurka z epoku górnego paleolitu, z czerwonej ochry i wapieniaNie
89%
Mierzącą 11,1cm figurka z epoku górnego paleolitu, z czerwonej ochry i wapieniaNie
89%
Mierzącą 11,1cm figurka z epoku górnego paleolitu, z czerwonej ochry i wapieniaNie
89%
Mierzącą 11,1cm figurka z epoku górnego paleolitu, z czerwonej ochry i wapieniaNie
89%
Paleolityczna figurka kobiety powstała ok.26000-24000r.p.n.e, zrobiona z kosci Słoniowej ma 15cmNie
89%
Paleolityczna figurka kobiety powstała ok.26000-24000r.p.n.e, zrobiona z kosci Słoniowej ma 15cmNie
89%
Mierzącą 11,1cm figurka z epoku górnego paleolitu, z czerwonej ochry i wapieniaNie
89%
Paleolityczna figurka kobiety powstała ok.26000-24000r.p.n.e, zrobiona z kosci Słoniowej ma 15cmNie
89%
Mierzącą 11,1cm figurka z epoku górnego paleolitu, z czerwonej ochry i wapieniaNie
89%
Paleolityczna figurka kobiety powstała ok.26000-24000r.p.n.e, zrobiona z kosci Słoniowej ma 15cmNie
89%
Mierzącą 11,1cm figurka z epoku górnego paleolitu, z czerwonej ochry i wapieniaNie
89%
Mierzącą 11,1cm figurka z epoku górnego paleolitu, z czerwonej ochry i wapieniaNie
89%
Mierzącą 11,1cm figurka z epoku górnego paleolitu, z czerwonej ochry i wapieniaNie
89%
Jaskinia znajdująca sie w Algierze na Saharze, neolit, przedstawienia wielu ludzi( 16000-15000r.p.n.e)Nie
89%
Jaskinia znajdująca sie w Algierze na Saharze, neolit, przedstawienia wielu ludzi( 16000-15000r.p.n.e)Nie
89%
Jaskinia znajdująca sie w Algierze na Saharze, neolit, przedstawienia wielu ludzi( 16000-15000r.p.n.e)Nie
89%
Figurka kobiety z ok.6000r.p.n.e(neolit) z wapieniaNie
89%
Figurka kobiety z ok.6000r.p.n.e(neolit) z wapieniaNie
89%
Figurka kobiety z ok.6000r.p.n.e(neolit) z wapieniaNie
89%
(5)Malowidla z jaskini Lascoux, powstałe w latach 17000-15000r.p.n.e( w kulturze magdaleńskiej) wykonane z węgla drzewnego, związków żelaza i ochryNie
89%
Figurka kobiety z ok.6000r.p.n.e(neolit) z wapieniaNie
89%
Figurka kobiety z ok.6000r.p.n.e(neolit) z wapieniaNie
89%
Figurka kobiety z ok.6000r.p.n.e(neolit) z wapieniaNie
89%
Figurka kobiety z ok.6000r.p.n.e(neolit) z wapieniaNie
89%
Figurka kobiety z ok.6000r.p.n.e(neolit) z wapieniaNie
89%
Jaskinia znajdująca sie w Algierze na Saharze, neolit, przedstawienia wielu ludzi( 16000-15000r.p.n.e)Nie
89%
Figurka kobiety z ok.6000r.p.n.e(neolit) z wapieniaNie
89%
Jaskinia znajdująca sie w Algierze na Saharze, neolit, przedstawienia wielu ludzi( 16000-15000r.p.n.e)Nie
89%
Jaskinia znajdująca sie w Algierze na Saharze, neolit, przedstawienia wielu ludzi( 16000-15000r.p.n.e)Nie
89%
Jaskinia znajdująca sie w Algierze na Saharze, neolit, przedstawienia wielu ludzi( 16000-15000r.p.n.e)Nie
89%
Jaskinia znajdująca sie w Algierze na Saharze, neolit, przedstawienia wielu ludzi( 16000-15000r.p.n.e)Tak
89%
Jaskinia znajdująca sie w Algierze na Saharze, neolit, przedstawienia wielu ludzi( 16000-15000r.p.n.e)Nie
89%
Jaskinia znajdująca sie w Algierze na Saharze, neolit, przedstawienia wielu ludzi( 16000-15000r.p.n.e)Nie
89%
Jaskinia znajdująca sie w Algierze na Saharze, neolit, przedstawienia wielu ludzi( 16000-15000r.p.n.e)Nie
89%
Jaskinia znajdująca sie w Algierze na Saharze, neolit, przedstawienia wielu ludzi( 16000-15000r.p.n.e)Nie
89%
Jaskinia znajdująca sie w Algierze na Saharze, neolit, przedstawienia wielu ludzi( 16000-15000r.p.n.e)Nie
89%
Jaskinia znajdująca sie w Algierze na Saharze, neolit, przedstawienia wielu ludzi( 16000-15000r.p.n.e)Nie
89%
Jaskinia znajdująca sie w Algierze na Saharze, neolit, przedstawienia wielu ludzi( 16000-15000r.p.n.e)Nie
89%
Mierzącą 11,1cm figurka z epoku górnego paleolitu, z czerwonej ochry i wapieniaNie
89%
Mierzącą 11,1cm figurka z epoku górnego paleolitu, z czerwonej ochry i wapieniaNie
78%
Mierzącą 11,1cm figurka z epoku górnego paleolitu, z czerwonej ochry i wapieniaTak
78%
(5)Malowidla z jaskini Lascoux, powstałe w latach 17000-15000r.p.n.e( w kulturze magdaleńskiej) wykonane z węgla drzewnego, związków żelaza i ochryNie
78%
(5)Malowidla z jaskini Lascoux, powstałe w latach 17000-15000r.p.n.e( w kulturze magdaleńskiej) wykonane z węgla drzewnego, związków żelaza i ochryNie
78%
(2)Jaskinia krasowa w hiszpani, odkryta w 1868, długość ok 270m, rysunki powstały ok13000r.p.n.e( kultura magdalenska i malowidlo bizona z tej jaskiniNie
78%
Jaskinia krasowa z okresu paleolitu we Francji, odkryta w 1940r, przez 4 uczniów, zamknięta od 1963r, długość-ok.250m, ok.150 malowidelNie
78%
Płaskorzeźba datowana na 25000-19000rp.n.e(paleolit), z wapienia, ok.42cmNie
78%
Paleolityczna figurka kobiety powstała ok.26000-24000r.p.n.e, zrobiona z kosci Słoniowej ma 15cmNie
78%
(2)Jaskinia krasowa w hiszpani, odkryta w 1868, długość ok 270m, rysunki powstały ok13000r.p.n.e( kultura magdalenska i malowidlo bizona z tej jaskiniNie
78%
(2)Jaskinia krasowa w hiszpani, odkryta w 1868, długość ok 270m, rysunki powstały ok13000r.p.n.e( kultura magdalenska i malowidlo bizona z tej jaskiniNie
78%
Paleolityczna figurka kobiety powstała ok.26000-24000r.p.n.e, zrobiona z kosci Słoniowej ma 15cmNie
78%
Płaskorzeźba datowana na 25000-19000rp.n.e(paleolit), z wapienia, ok.42cmTak
78%
Figurka kobiety z ok.6000r.p.n.e(neolit) z wapieniaTak
78%
Figurka kobiety z ok.6000r.p.n.e(neolit) z wapieniaNie
78%
Paleolityczna figurka kobiety powstała ok.26000-24000r.p.n.e, zrobiona z kosci Słoniowej ma 15cmTak
67%
(2)Jaskinia krasowa w hiszpani, odkryta w 1868, długość ok 270m, rysunki powstały ok13000r.p.n.e( kultura magdalenska i malowidlo bizona z tej jaskiniTak
56%
(5)Malowidla z jaskini Lascoux, powstałe w latach 17000-15000r.p.n.e( w kulturze magdaleńskiej) wykonane z węgla drzewnego, związków żelaza i ochryTak
56%
(5)Malowidla z jaskini Lascoux, powstałe w latach 17000-15000r.p.n.e( w kulturze magdaleńskiej) wykonane z węgla drzewnego, związków żelaza i ochryTak
56%
Jaskinia krasowa z okresu paleolitu we Francji, odkryta w 1940r, przez 4 uczniów, zamknięta od 1963r, długość-ok.250m, ok.150 malowidelNie
44%
(2)Jaskinia krasowa w hiszpani, odkryta w 1868, długość ok 270m, rysunki powstały ok13000r.p.n.e( kultura magdalenska i malowidlo bizona z tej jaskiniNie
44%
(5)Malowidla z jaskini Lascoux, powstałe w latach 17000-15000r.p.n.e( w kulturze magdaleńskiej) wykonane z węgla drzewnego, związków żelaza i ochryTak
44%
(2)Jaskinia krasowa w hiszpani, odkryta w 1868, długość ok 270m, rysunki powstały ok13000r.p.n.e( kultura magdalenska i malowidlo bizona z tej jaskiniTak
33%
(5)Malowidla z jaskini Lascoux, powstałe w latach 17000-15000r.p.n.e( w kulturze magdaleńskiej) wykonane z węgla drzewnego, związków żelaza i ochryTak
33%
Jaskinia krasowa z okresu paleolitu we Francji, odkryta w 1940r, przez 4 uczniów, zamknięta od 1963r, długość-ok.250m, ok.150 malowidelTak
33%
(5)Malowidla z jaskini Lascoux, powstałe w latach 17000-15000r.p.n.e( w kulturze magdaleńskiej) wykonane z węgla drzewnego, związków żelaza i ochryNie
33%
(5)Malowidla z jaskini Lascoux, powstałe w latach 17000-15000r.p.n.e( w kulturze magdaleńskiej) wykonane z węgla drzewnego, związków żelaza i ochryTak
22%

Rozkład punktacji

Percentyl według liczby udzielonych odpowiedzi

Procent ludzi z każdym wynikiem

Twoja historia wyników

Nie rozwiązałeś tego quizu